Logos de marques par lettre - J - Statistiques

Statistiques générales
  • Ce quiz a été pris 40 682 fois
    38 868 depuis la dernière actualisation
  • Le résultat moyen est 10 sur 16
Statistiques - réponses
Par images Hint Réponse % Correct
Automobile Jaguar
99%
Technologie JBL
92%
Quiz JetPunk
92%
Boisson Joker
85%
Boisson Jack Daniel
83%
Divertissement Joué club
82%
Automobile Jeep
78%
Alimentaire Justin Bridou
74%
Jardinerie Jardiland
51%
Média Journal du dimanche
44%
Alimentaire Jacquet
42%
Publicité JC Decaux
41%
Matériel agricole John Deere
38%
Alimentaire Jeff de Bruges
36%
Pharmaceutique Johnson & Johnson
15%
Café Jacques Vabre
12%
Aucun quiz correspondant
Distribution des résultats
% des personnes avec chaque résultat
Percentile par nombre de réponses
Votre historique - résultats
Vous n’avez pas pris ce quiz depuis la dernière actualisation